000 01050nam a22002655i 4500
001 157337
003 ES-MaACL
005 20250910063123.0
008 990203s1898 sp |||| | spa d
040 _aCCPB | B
_bspa
_cCCPB | B
080 _a553
080 _a913(48)
100 1 _aLazúrtegui, Julio de,
_d1859-1943
_970825
245 1 4 _aUna excursión minero-metalúrgica á Escandinavia /
_c[Julio de Lazúrtegui].
260 _aBilbao :
_b[s.n.],
_c1898 (
_fImprenta de la Casa de Misericordia)
300 _a106, [1] p. ;
_c21 cm.
530 _aDisponible también en sitio web.
594 _aAutor consta en cub.
597 _aAntep.
650 4 _aMinas de hierro-
_zEscandinavia.
_9148869
651 4 _aEscandinavia-
_xDescripción.
_9148870
852 _aES-MaACL
_jT-852-F-3
_z-- Enc. hol., conservando la cub. original
_z-- Enc. en un vol. facticio
856 _uhttp://bibliotecadigitalhispanica.bne.es:80/webclient/DeliveryManager?pid=1843686&custom_att_2=simple_viewer
_zIr a la página
999 _c157337
_d157337